| 000 | 03015cam a2200421 i 4500 | ||
|---|---|---|---|
| 001 | 17081487 | ||
| 003 | OSt | ||
| 005 | 20260108081126.0 | ||
| 008 | 111212s2012 enk b 001 0 eng | ||
| 010 | _a 2011051231 | ||
| 020 | _a9781107010307 | ||
| 035 | _a17081487 | ||
| 040 |
_aDLC _beng _cDLC _erda _dDLC |
||
| 042 | _apcc | ||
| 050 | 0 | 0 |
_aJZ1318 _b.H3835 2012 |
| 082 | _a303.48 HAS | ||
| 100 | 1 | _aHassoun, Nicole. | |
| 245 | 1 | 0 |
_aGlobalization and global justice : _bshrinking distance, expanding obligations / _cNicole Hassoun. |
| 264 | 1 |
_aCambridge ; _aNew York : _bCambridge University Press, _c2012. |
|
| 300 |
_axii, 235 pages ; _c24 cm |
||
| 336 |
_atext _2rdacontent |
||
| 337 |
_aunmediated _2rdamedia |
||
| 338 |
_avolume _2rdacarrier |
||
| 504 | _aIncludes bibliographical references and index. | ||
| 505 | 8 | _aMachine generated contents note: Part I: Introduction: globalization and global justice; 1. The human rights argument; 2. The coercive global institutional system; 3. Legitimacy and global justice; Part II: Introduction to Part II: seeing the water for the sea; 4. Libertarian obligations to the poor?; 5. Empirical evidence and the case for foreign aid; 6. Free trade and poverty; 7. Making free trade fair; Conclusion: expanding obligations. | |
| 520 |
_a"The face of the world is changing. The past century has seen the incredible growth of international institutions. How does the fact that the world is becoming more interconnected change institutions' duties to people beyond borders? Does globalization alone engender any ethical obligations? In Globalization and Global Justice, Nicole Hassoun addresses these questions and advances a new argument for the conclusion that there are significant obligations to the global poor. First, she argues that there are many coercive international institutions and that these institutions must provide the means for their subjects to avoid severe poverty. Hassoun then considers the case for aid and trade, and concludes with a new proposal for fair trade in pharmaceutical and biotechnology. Globalization and Global Justice will appeal to readers in philosophy, politics, economics and public policy"-- _cProvided by publisher. |
||
| 650 | 0 |
_aGlobalization _xSocial aspects. |
|
| 650 | 0 |
_aGlobalization _xEconomic aspects. |
|
| 650 | 0 | _aSocial justice. | |
| 650 | 7 |
_aPHILOSOPHY / Political. _2bisacsh |
|
| 856 | 4 | 2 |
_3Contributor biographical information _uhttp://www.loc.gov/catdir/enhancements/fy1205/2011051231-b.html |
| 856 | 4 | 2 |
_3Publisher description _uhttp://www.loc.gov/catdir/enhancements/fy1205/2011051231-d.html |
| 856 | 4 | 1 |
_3Table of contents only _uhttp://www.loc.gov/catdir/enhancements/fy1205/2011051231-t.html |
| 906 |
_a7 _bcbc _corignew _d1 _eecip _f20 _gy-gencatlg |
||
| 942 |
_2ddc _cBK |
||
| 999 |
_c32751 _d32751 |
||